000 00783nam a2200241 a 4500
001 59642
003 BD-RjUL
005 20211209080744.0
008 161226s20031990ii b 001 0 eng
020 _a8171690629 :
_cRs250.00
035 _a(BD-RjUL) 59766
040 _aDLC
_cDLC
_dDLC
_dBD-RjUL
_beng
041 _aeng
082 0 0 _a371.710954
_223
_bGAS 2003
100 1 _aGandhi, Anjali.
_9177461
245 1 0 _aSchool social work :
_bthe emerging models of practice in India /
_cAnjali Gandhi.
260 _aNew Delhi, India :
_bCommonwealth Publishers,
_c1990 [Reprint 2003]
300 _axii, 248 p. ;
_c22 cm.
500 _aIncludes index.
504 _aIncludes bibliographical references (p. [238]-245).
650 0 _aSchool social work
_zIndia.
_9177462
942 _2ddc
_cBK
999 _c59642
_d59642